Inauguración de la Biblioteca popular 'Joaquim Folguerola'
Publicado:
San Jorge, núm. 96 - 97 (juliol 1976), pàg 87 :
MARC
| LEADER | 00000nam a2200000Ia 4500 | ||
|---|---|---|---|
| 001 | |||
| 008 | 160829s9999 xx 000 0 cat d | ||
| 245 | |a Inauguración de la Biblioteca popular 'Joaquim Folguerola' | ||
| 260 | |a San Jorge, núm. 96 - 97 (juliol 1976), pàg 87 | ||
| 650 | |a Barcelona. Diputació. Xarxa de Biblioteques Populars | ||
| 650 | |a Biblioteca de Santa Coloma de Cervelló |9 44703 | ||
| 901 | |a Arxiu | ||
| 942 | |n 1 | ||
| 952 | |0 0 |1 0 |4 0 |7 1 |9 52122 |a Arxiu |b Arxiu |d 2016-12-01 |l 0 |r 2016-12-01 00:00:00 |w 2016-12-01 |y ARXIU | ||
| 999 | |c 55970 |d 55970 | ||